000
00492nam a2200181Ia 4500
008
090123s9999 xx 000 0 und d
082
_b
3810
_a
891.463/पगारे
100
_a
पगारे हरिभाऊ
245
_a
झुंजार
250
_a
1
260
_c
1974
300
_a
277
600
_a
पगारे हरिभाऊ
630
_a
झुंजार
700
_a
पगारे हरिभाऊ
730
_a
झुंजार
942
_c
BOOK
999
_c
41886
_d
41886